Letecká doprava včera,dnes a zajtra

Enregistré dans:
Détails bibliographiques
Auteurs principaux: Trebichavský, F. (Auteur), Tichavský, V. (Auteur), Kříž, J. (Auteur)
Format: Livre
Langue:slovaque
Publié: Bratislava : Alfa, 1981
Tags: Ajouter un tag
Pas de tags, Soyez le premier à ajouter un tag!

MARC

LEADER 00000nam a22000003a 4500
001 stu163242
005 20150617230002.7
008 080512s1981----cs------------------slo-d
040 |a STU  |b slo 
041 0 |a slo 
044 |a cs 
080 |a 629.7.01 
100 1 |a Trebichavský, F.  |4 aut 
245 1 |a Letecká doprava včera,dnes a zajtra 
260 |a Bratislava :  |b Alfa,  |c 1981 
300 |a 271 s 
700 1 |a Tichavský, V.  |4 aut 
700 1 |a Kříž, J.  |4 aut 
996 |b 284V035813  |c V*22684/O-8944  |l VVS  |s A  |a 24  |w stu163242_0001 
996 |b 284V035812  |c V*22685/O-8944a  |l VVS  |s A  |a 24  |w stu163242_0002